| Tag |
First Indicator |
Second Indicator |
Subfields |
| LEADER |
00000cam a2200000 4500 |
| 001 |
in00000014882 |
| 005 |
20151007052919.0 |
| 008 |
790213s1959 riufh b 00110 eng |
| 035 |
|
|
|a (OCoLC)04650250
|
| 035 |
|
|
|9 AAA9683AM
|
| 040 |
|
|
|a UUM
|c UUM
|d m.c.
|d TXA
|d UtOrBLW
|
| 049 |
|
|
|a TXAM
|c [A11041391]
|
| 050 |
|
0 |
|a QB19
|b .P3
|
| 100 |
1 |
|
|a Parker, Richard A.
|q (Richard Anthony),
|d 1905-1993.
|
| 245 |
1 |
2 |
|a A Vienna demotic papyrus on eclipse- and lunar-omina.
|
| 264 |
|
1 |
|a Providence :
|b Brown University Press,
|c 1959.
|
| 300 |
|
|
|a 59 pages :
|b 9 plates, facsimiles
|
| 336 |
|
|
|a text
|b txt
|2 rdacontent
|
| 337 |
|
|
|a unmediated
|b n
|2 rdamedia
|
| 338 |
|
|
|a volume
|b nc
|2 rdacarrier
|
| 490 |
1 |
|
|a Brown Egyptological studies ;
|v v.2
|
| 500 |
|
|
|a The original fragments of the papyrus are in the Österreichische National bibliogthek.
|
| 504 |
|
|
|a Bibliographical footnotes.
|
| 500 |
|
|
|a Includes index.
|
| 650 |
|
0 |
|a Eclipses.
|
| 651 |
|
0 |
|a Moon.
|
| 650 |
|
0 |
|a Astronomy, Assyro-Babylonian.
|
| 830 |
|
0 |
|a Brown Egyptological studies ;
|v v.2.
|
| 999 |
|
|
|a MARS
|
| 999 |
f |
f |
|s a0a1da3c-bc24-314f-abe5-db9a2ef5e861
|i 3e9c80a1-74a0-3560-9c74-d9355bbf51e4
|t 0
|
| 952 |
f |
f |
|p ric
|a Texas A&M University
|b Rellis Campus
|c Joint Library Facility
|d Remote Storage
|t 0
|e QB19 .P3
|h Library of Congress classification
|i unmediated -- volume
|m A14811041391
|
| 998 |
f |
f |
|a QB19 .P3
|t 0
|l Remote Storage
|